| 000 | 00640 a2200193 4500 | ||
|---|---|---|---|
| 020 | _a013297178X | ||
| 020 | _a0137841825 | ||
| 040 | _aDLC | ||
| 082 | 0 | 0 | _a621.382 |
| 100 | 1 | _aBlack, Uyless D. | |
| 245 | 1 | 0 |
_aATM _cUyless Black. |
| 260 |
_aEnglewood Cliffs, N.J. : _bPrentice Hall PTR, _cc1995-<1998> |
||
| 300 |
_av. <1, 3> : _bill. ; _c25 cm. |
||
| 440 | 0 | _aPrentice Hall series in advanced communications technologies | |
| 505 | 1 | _av. 1. Foundation for broadband networks. --v. 3. Internetworking with ATM. | |
| 650 | 0 | _aAsynchronous transfer mode. | |
| 650 | 0 | _aBroadband communication systems. | |
| 942 |
_cBK _k621.382 BLA _2ddc |
||
| 999 |
_c8112 _d8112 |
||